• 首页
  • 本馆介绍
  • 公告通知
  • 最新文献
  • 馆藏检索
  • 电子资源
  • 读者导购
  • 参考咨询
  • 我的图书馆
  • 登录
  • 详细信息显示
  • 放入我的书架
  • 预约/预借图书
  • 作者相关作品
  • 分类相关作品
  • 丛书相关作品
  • 出版社相关作品

书目信息

  • 表格格式
  • 工作单格式
  • 卡片格式
题名:
电子技术及应用
    
 
作者: 范新光 , 陈玉华 编
分册:  
出版信息: 北京   水利电力出版社  1984
页数: 396页
开本: 21cm
丛书名:
单 册:
中图分类: TV737
科图分类:
主题词: 水力发电站--建筑 , 水力发电站 , 水力发电站--设备
电子资源:
ISBN:
000 00752nam0 2200265 45
001 0184016658
005 20060418164649.92
010    @dCNY1.60
091    @a15143.5430
100    @a19950614d1984 em y0chiy0121 ea
101 0  @achi
102    @aCN@b110000
105    @ay z 000yy
200 10 @a电子技术及应用@Adian zi ji shu ji ying yong@f范新光,陈玉华编@Ffan xin guang,chen yu hua bian
210    @a北京@c水利电力出版社@d1984
215    @a396页@d21cm
606 0  @a水力发电站@x建筑
606 0  @a水力发电站
606 0  @a水力发电站@x设备
690    @aTV737
701  0 @a范新光@Afan xin guang@4编
701  0 @a陈玉华@Achen yu hua@4编
801  2 @aCN@bNLC@c20060418
801  0 @aCN@b上海图书馆@c20040514
905    @f2@b118203-204@dTV737@e3
    
    电子技术及应用/范新光,陈玉华编.-北京:水利电力出版社,1984
    396页;21cm
    
    
    ISBN :CNY1.60
    
●
相关链接 在E读中查询图书 在五车中查询图书 在当当中查询图书 在豆瓣中查询图书


正题名:电子技术及应用     索取号:TV737/3         预约/预借

序号 登录号 条形码 馆藏地/架位号 状态 备注
1 0118203   001484030   第三借阅区/ [索取号:TV737/3] 在馆    
2 0118204   001484049   第三借阅区/ [索取号:TV737/3] 在馆    
3 0118205   202244106   密集书库/ [索取号:TV737/3] 在馆    
4 0118206   202244115   密集书库/ [索取号:TV737/3] 在馆    
唐山师范学院图书馆 欢迎您!
大连网信软件有限公司© 版权所有